000 00352nam a2200145Ia 4500
008 230917s9999||||xx |||||||||||||| ||und||
040 _e145861
_aMAIN
041 _aEnglish
082 _a784 H876A
100 _aHukam Chand
245 0 _aAadhunik kal mein shastriya sangeet
260 _aDelhi
_bEaastern Book
_c1998
300 _a231 p.
942 _cBK
999 _c91853
_d91853